00234nam a2200097 a 4500003000200000005001700002008004100019050001800060100002400078245003400102020240731123734.0030502s19uu xx 00 eng d aVHS 400bR 02 aDe Bergerac, Cyrano aFrench /cCyrano de Bergerac.